000 00927nas a2200301 4500
001 BR2013000784
003 BR-BrBNA
005 20231205121838.0
007 ta
008 230509b bl.|||p| |||| 00| 00por d
040 _aBR-BrBNA
_bpor
_cBiblioteca Nacional de Agricultura
041 _a(Pt)
072 _aL73
100 1 _aCavaguchi, D.K.
100 1 _aPincelli, V.A.
100 1 _aBochio, M.M.
100 1 _aRibeiro, R. de C.L.
100 1 _aBracarence, A.P.F.R.L.
100 1 _aPereira, P.M.
245 1 _aAspectos clínico-patológicos e epidemiológicos da endocardite bacteriana em cães: 28 casos (2003-2008)
650 _aCÃO
650 _aENDOCARDITE
650 _aEPIDEMIOLOGIA
650 _aDIAGNÓSTICO
773 0 _tSemina. Ciências Agrarias (Brazil)
_xISSN 1676-546X
_g(Jan-Mar 2010), v. 31(1) p. 183-190
_wBR2013000784
909 _a202311
_bLúcia
_c55
_dLúcia Elande
942 _2AGRIS
_n0
_cANA
999 _c225541
_d225541